00458nam a2200169 a 450000100060000000300090000600800410001502000150005604000280007108200160009910000200011524500490013526000320018430000090021665000260022565000370025112036CO-ViMGA141112s2004 ck r 000 u spa d a9686640800 aCO-ViMGAbspacCO-ViMGA04a330.9 G151u1 aGalbraith, Jhon10aUn viaje por la economía de nuestro tiempo aBarcelona : bAriel, c1995 a222p14aEconomía - HISTORIA14aHISTORIA - Economía - SIGLO XX